Statistiken für Orte nach Ländern erraten - Schweiz

Klicken Sie hier um das Quiz zu spielen!

Allgemein

  • Dieses Quiz wurde 48 mal gespielt
  • Das Durchschnittsergebnis liegt bei 10 aus 15

Antwortstatistiken

BeschreibungStadt% Korrekt
HauptstadtBern
98%
Bevölkerungsreichste StadtZürich
98%
Hauptsitz von UNO, WHO und CERNGenf
91%
Hier befindet sich die älteste öffentliche Kunstsammlung der WeltBasel
87%
Veranstaltungsort eines der berühmtesten Festivals für klassische MusikLuzern
78%
Sitz des Olympischen Komitees und des internationalen SportgerichtshofsLausanne
73%
Austragungsort der Olympischen Winterspiele 1928 und 1948St. Moritz
71%
Größte italienischsprachige politische Gemeinde außerhalb ItaliensLugano
67%
In der Stiftsbibliothek dieser Stadt befindet sich eine ägyptische MumieSt. Gallen
67%
Berühmte ehemalige IndustriestadtWinterthur
51%
Der Fußballverein dieser Stadt nahm 1992/93 als erster Verein des Landes an der Champions League teilSitten
47%
Wichtigstes Zentrum der Uhrenindustrie des LandesBiel/Bienne
44%
Veranstaltungsort eines der bedeutendsten FilmfestivalsLocarno
44%
Inspirierte Deep Purple zu ihrem Song "Smoke on the Water"Montreux
36%
"Ambassadorenstadt"Solothurn
29%

Verteilung der Resultate

Perzentil nach korrekt beantworteten Fragen

Anzahl Personen mit jedem Resultat

Ihre Resultats-Entwicklung

Sie haben dieses Quiz noch nicht gespielt